[Event "VI ABIERTO INTERNACIONAL DE AJEDREZ CARLOS I"]
[Site "Sanxenxo (Pontevedra) Spain"]
[Date "2014.06.25"]
[Round "5"]
[Board "9"]
[White "Estevez Rodriguez, Luis Albert"]
[Black "Espineira Gonzalez, Diego"]
[Result "1/2-1/2"]
[WhiteElo "2055"]
[BlackElo "2388"]
[PlyCount "95"]
[EventDate "2014.06.21"]
[EventRounds "9"]
[EventCountry "ESP"]

1. e4 e6 2. d4 d5 3. Nd2 dxe4 4. Nxe4 Bd7 5. Nf3 Bc6 6. Bd3 Nd7 7. Qe2 Ngf6 8.
Bd2 Be7 9. c4 Nxe4 10. Bxe4 Bxe4 11. Qxe4 c6 12. Bc3 Nf6 13. Qe2 Qc7 14. O-O
O-O 15. Rfe1 Qf4 16. Ne5 Rad8 17. Rad1 c5 18. Rd3 cxd4 19. Bd2 Qh4 20. Rh3 d3
21. Rxd3 Rxd3 22. Qxd3 Rd8 23. Qe2 Bc5 24. Nf3 Qh5 25. h3 a6 26. Bc3 Qf5 27.
Qe5 Qxe5 28. Bxe5 Kf8 29. a3 Rd3 30. Bc3 Nd7 31. Rc1 f6 32. b4 Ba7 33. c5 Bb8
34. Kf1 Bf4 35. Rc2 Rd1+ 36. Ke2 Rb1 37. g3 Bc1 38. Nd4 Kf7 39. c6 bxc6 40.
Nxc6 Nb6 41. Bd4 Nd5 42. Bc5 Bxa3 43. Nd8+ Kg6 44. Nxe6 Bxb4 45. Bxb4 Rxb4 46.
Kf3 a5 47. Rc5 Rb3+ 48. Kg2 1/2-1/2

[Event "VI ABIERTO INTERNACIONAL DE AJEDREZ CARLOS I"]
[Site "Sanxenxo (Pontevedra) Spain"]
[Date "2014.06.25"]
[Round "5"]
[Board "10"]
[White "Garcia Sobrino, David"]
[Black "Gonzalez Diaz, Julio"]
[Result "0-1"]
[WhiteElo "1783"]
[BlackElo "2292"]
[PlyCount "106"]
[EventDate "2014.06.21"]
[EventRounds "9"]
[EventCountry "ESP"]

1. e4 d6 2. d4 g6 3. Nc3 Bg7 4. f4 Nf6 5. Nf3 c5 6. Bb5+ Bd7 7. e5 Ng4 8. Bxd7+
Qxd7 9. d5 dxe5 10. h3 e4 11. Nxe4 Nf6 12. Ne5 Qa4 13. Nc3 Qa6 14. Qd3 Qxd3 15.
Nxd3 Na6 16. Be3 b6 17. O-O-O Rd8 18. Ne5 Nb4 19. Nb5 Nfxd5 20. c4 a6 21. Nc6
Nxc6 22. cxd5 axb5 23. dxc6 Rc8 24. Rd7 Rxc6 25. Rhd1 f5 26. R1d5 h5 27. Bf2
Kf7 28. Bh4 Re6 29. Rb7 Ra8 30. a3 Ra4 31. Rdd7 Rc4+ 32. Kb1 Rce4 33. Kc1 Bf6
34. Bxf6 Kxf6 35. Rd3 Rxf4 36. Rb3 b4 37. axb4 Rxb4 38. Rxb4 cxb4 39. Kd2 Rd6+
40. Ke2 e5 41. Rc7 e4 42. Rc4 Kg5 43. Rxb4 Kf4 44. Rb3 h4 45. Rc3 g5 46. Rb3
Rc6 47. Rb4 g4 48. hxg4 Kxg4 49. Kf2 Re6 50. Rd4 Rc6 51. Rb4 Rd6 52. Rb3 f4 53.
Rc3 e3+ 0-1

[Event "VI ABIERTO INTERNACIONAL DE AJEDREZ CARLOS I"]
[Site "Sanxenxo (Pontevedra) Spain"]
[Date "2014.06.26"]
[Round "6"]
[Board "1"]
[White "Rivera, Daniel"]
[Black "Garcia Castro, Pablo"]
[Result "1/2-1/2"]
[WhiteElo "2347"]
[BlackElo "2357"]
[PlyCount "65"]
[EventDate "2014.06.21"]
[EventRounds "9"]
[EventCountry "ESP"]

1. e4 e5 2. Nf3 d6 3. Bc4 Be7 4. c3 Nf6 5. d3 O-O 6. Nbd2 Nc6 7. Bb3 Kh8 8. O-O
Ng8 9. d4 f5 10. dxe5 dxe5 11. Nc4 Qxd1 12. Rxd1 Bf6 13. Nfd2 f4 14. a4 Bg4 15.
f3 Bh5 16. Bc2 a5 17. b3 Rfd8 18. Ba3 Bf7 19. Nb2 Be7 20. Bxe7 Ngxe7 21. Ndc4
Bxc4 22. Nxc4 Kg8 23. Kf2 Kf7 24. Ke2 Kf6 25. Rd3 b6 26. Rad1 Rxd3 27. Rxd3 Rd8
28. Rxd8 Nxd8 29. Bd3 Nc8 30. Na3 Nd6 31. Nb5 Nxb5 32. Bxb5 Ke6 33. Kd3 1/2-1/2

[Event "VI ABIERTO INTERNACIONAL DE AJEDREZ CARLOS I"]
[Site "Sanxenxo (Pontevedra) Spain"]
[Date "2014.06.26"]
[Round "6"]
[Board "2"]
[White "Sanchez Aller, Fernando"]
[Black "Suarez Gomez, Julio"]
[Result "0-1"]
[WhiteElo "2355"]
[BlackElo "2307"]
[PlyCount "62"]
[EventDate "2014.06.21"]
[EventRounds "9"]
[EventCountry "ESP"]

1. e4 e6 2. d4 d5 3. Nc3 Bb4 4. e5 c5 5. a3 Bxc3+ 6. bxc3 Qa5 7. Bd2 Qa4 8. h4
Nc6 9. Rb1 c4 10. Qc1 b6 11. h5 h6 12. Nf3 Nge7 13. Rh4 Bd7 14. Rg4 Rg8 15. Rf4
O-O-O 16. g4 Rdf8 17. Bh3 f6 18. exf6 gxf6 19. Ke2 f5 20. gxf5 Nxf5 21. Bxf5
exf5 22. Qb2 Nd8 23. Ne5 Ne6 24. Rh1 Be8 25. Rf3 f4 26. Kd1 Rf5 27. Kc1 Rxh5
28. Re1 Rh4 29. Kb1 Bg6 30. Nxc4 Qxc4 31. Rxe6 Be4 0-1

[Event "VI ABIERTO INTERNACIONAL DE AJEDREZ CARLOS I"]
[Site "Sanxenxo (Pontevedra) Spain"]
[Date "2014.06.26"]
[Round "6"]
[Board "3"]
[White "Strikovic, Aleksa"]
[Black "Fernandez Losada, Daniel"]
[Result "1-0"]
[WhiteElo "2532"]
[BlackElo "2200"]
[PlyCount "79"]
[EventDate "2014.06.21"]
[EventRounds "9"]
[EventCountry "ESP"]

1. c4 e5 2. Nc3 Nc6 3. g3 g6 4. Bg2 Bg7 5. d3 Nge7 6. e3 O-O 7. Nge2 d6 8. O-O
Be6 9. Nd5 Nf5 10. Rb1 Qd7 11. b4 Nd8 12. e4 Ne7 13. d4 c6 14. Nxe7+ Qxe7 15.
d5 Bd7 16. Be3 b6 17. c5 cxd5 18. exd5 Bb5 19. a4 Bxe2 20. Qxe2 f5 21. c6 Nf7
22. a5 f4 23. Bxf4 Rae8 24. Be3 e4 25. axb6 axb6 26. Bxb6 Ng5 27. Rfe1 Qf7 28.
h4 Nf3+ 29. Bxf3 exf3 30. Qd3 g5 31. Rxe8 Rxe8 32. hxg5 Qh5 33. c7 Qg4 34. Rc1
Rc8 35. Rc4 Qxg5 36. Qxf3 h5 37. b5 Be5 38. Be3 Qg6 39. b6 Kg7 40. Kg2 1-0

[Event "VI ABIERTO INTERNACIONAL DE AJEDREZ CARLOS I"]
[Site "Sanxenxo (Pontevedra) Spain"]
[Date "2014.06.26"]
[Round "6"]
[Board "4"]
[White "Larino Nieto, David"]
[Black "Cruz Alvarez De Ron, Dan"]
[Result "0-1"]
[WhiteElo "2459"]
[BlackElo "2205"]
[PlyCount "82"]
[EventDate "2014.06.21"]
[EventRounds "9"]
[EventCountry "ESP"]

1. e4 Nf6 2. Nc3 e5 3. Bc4 Nxe4 4. Nxe4 d5 5. Bxd5 Qxd5 6. Qf3 Be6 7. Ng5 Qxf3
8. N1xf3 Bd5 9. O-O f6 10. Nh3 Nc6 11. c3 O-O-O 12. Ne1 Bc4 13. d3 Bxd3 14.
Nxd3 Rxd3 15. Be3 Be7 16. Rfd1 Rhd8 17. Rxd3 Rxd3 18. Kf1 g5 19. Ke2 Rd8 20.
Kf3 h5 21. Ke4 Rf8 22. Kf5 Bd6 23. Kg6 Ne7+ 24. Kg7 Nf5+ 25. Kg6 Nh4+ 26. Kg7
Nxg2 27. Rd1 Rd8 28. Rg1 Nxe3 29. fxe3 g4 30. Nf2 f5 31. Re1 h4 32. Kg6 g3 33.
Nh3 f4 34. exf4 exf4 35. Ng1 Kd7 36. h3 Re8 37. Rf1 Bc5 38. Nf3 g2 39. Rd1+ Kc6
40. Kf5 Be3 41. a4 b6 0-1

[Event "VI ABIERTO INTERNACIONAL DE AJEDREZ CARLOS I"]
[Site "Sanxenxo (Pontevedra) Spain"]
[Date "2014.06.26"]
[Round "6"]
[Board "5"]
[White "Gonzalez Diaz, Julio"]
[Black "Gonzalez Gonzalez, Alfonso"]
[Result "1-0"]
[WhiteElo "2292"]
[BlackElo "2054"]
[PlyCount "115"]
[EventDate "2014.06.21"]
[EventRounds "9"]
[EventCountry "ESP"]

1. c4 c5 2. g3 Nc6 3. Bg2 g6 4. Nf3 Bg7 5. Nc3 e5 6. O-O Nge7 7. a3 a5 8. Ne1
O-O 9. Nc2 d6 10. Rb1 Be6 11. Ne3 f5 12. f4 exf4 13. gxf4 g5 14. d3 gxf4 15.
Ned5 f3 16. Bxf3 Ng6 17. Nf4 Bf7 18. Kh1 Be5 19. Nxg6 hxg6 20. Rg1 Kg7 21. Rg2
Rh8 22. Qg1 Rh7 23. Bg5 Qd7 24. Rf1 Rah8 25. Rff2 Nd4 26. Bd5 Ne6 27. Bxe6 Bxe6
28. Bf4 Bxf4 29. Rxf4 Rh6 30. Qf2 b6 31. Kg1 d5 32. cxd5 Bxd5 33. Nxd5 Qxd5 34.
Rxf5 Rxh2 35. Rxg6+ Kxg6 36. Rxd5 Rh1+ 37. Kg2 R1h2+ 38. Kg1 Rh1+ 39. Kg2 R1h2+
40. Kf1 Rh1+ 41. Qg1+ Rxg1+ 42. Kxg1 Rb8 43. Kf2 Kf6 44. e4 Ke6 45. Ke3 Rc8 46.
Kd2 a4 47. Rh5 Kd6 48. Rh6+ Kc7 49. Kc3 Rg8 50. Kc4 Rg2 51. Kd5 Rxb2 52. Rh7+
Kd8 53. Kd6 Ke8 54. e5 Rd2 55. Rh8+ Kf7 56. e6+ Kf6 57. Rf8+ Kg5 58. e7 1-0

[Event "VI ABIERTO INTERNACIONAL DE AJEDREZ CARLOS I"]
[Site "Sanxenxo (Pontevedra) Spain"]
[Date "2014.06.26"]
[Round "6"]
[Board "6"]
[White "Medarde Santiago, Luis Marcos"]
[Black "Torrado Quintela, Julio"]
[Result "1-0"]
[WhiteElo "2160"]
[BlackElo "2237"]
[PlyCount "91"]
[EventDate "2014.06.21"]
[EventRounds "9"]
[EventCountry "ESP"]

1. e4 c5 2. Nf3 d6 3. d4 cxd4 4. Qxd4 Nd7 5. Bc4 e6 6. Nc3 Ngf6 7. Bg5 a6 8.
O-O Be7 9. e5 dxe5 10. Nxe5 h6 11. Bf4 O-O 12. Be2 Qa5 13. Nc4 Qc5 14. Qxc5
Bxc5 15. Bf3 g5 16. Bd6 Bxd6 17. Nxd6 g4 18. Be2 Ne5 19. Rfe1 Bd7 20. Nde4 Nxe4
21. Nxe4 f5 22. Nc5 Rfc8 23. Nxd7 Nxd7 24. c3 Nf6 25. Bd1 Kf7 26. Bb3 Rc6 27.
Re5 Rb6 28. Kf1 Rd8 29. Rae1 Nd5 30. c4 Nf4 31. c5 Rxb3 32. axb3 Nd3 33. Rd1
Rd7 34. Re3 Nxc5 35. Rxd7+ Nxd7 36. Rc3 b6 37. b4 Kf6 38. Rc7 Ne5 39. Ra7 Nc4
40. Rxa6 Ke5 41. b3 Nd2+ 42. Ke2 Nxb3 43. Rxb6 Kd5 44. Kd3 h5 45. Rb8 Nc1+ 46.
Kd2 1-0

[Event "VI ABIERTO INTERNACIONAL DE AJEDREZ CARLOS I"]
[Site "Sanxenxo (Pontevedra) Spain"]
[Date "2014.06.26"]
[Round "6"]
[Board "7"]
[White "Gomez Ledo, Roberto Carlos"]
[Black "Estevez Rodriguez, Luis Albert"]
[Result "1-0"]
[WhiteElo "2429"]
[BlackElo "2055"]
[PlyCount "51"]
[EventDate "2014.06.21"]
[EventRounds "9"]
[EventCountry "ESP"]

1. d4 d5 2. Nf3 Nc6 3. Bf4 Bf5 4. e3 e6 5. Bd3 Bd6 6. Bg3 Nge7 7. a3 Bg4 8. c4
Bxg3 9. hxg3 e5 10. cxd5 Nxd5 11. dxe5 Bxf3 12. gxf3 Nxe5 13. Be2 c6 14. f4 Ng6
15. Bf3 Qf6 16. Bxd5 cxd5 17. Nc3 O-O 18. Qxd5 Rfd8 19. Qh5 h6 20. Rd1 Rxd1+
21. Qxd1 Rd8 22. Qe2 Ne7 23. O-O Qg6 24. Rd1 Re8 25. Qb5 Qc6 26. Rd7 1-0

[Event "VI ABIERTO INTERNACIONAL DE AJEDREZ CARLOS I"]
[Site "Sanxenxo (Pontevedra) Spain"]
[Date "2014.06.26"]
[Round "6"]
[Board "8"]
[White "Torres Dominguez, David"]
[Black "Espineira Gonzalez, Diego"]
[Result "1/2-1/2"]
[WhiteElo "2063"]
[BlackElo "2388"]
[PlyCount "110"]
[EventDate "2014.06.21"]
[EventRounds "9"]
[EventCountry "ESP"]

1. d4 e6 2. e4 d5 3. exd5 exd5 4. Bd3 Bd6 5. Qf3 Nc6 6. c3 Be6 7. Bf4 Nge7 8.
Ne2 Ng6 9. Bxd6 Qxd6 10. Qg3 O-O-O 11. Qxd6 Rxd6 12. Bxg6 hxg6 13. Nd2 f6 14.
f3 Bf5 15. Kf2 g5 16. Rae1 Bc2 17. Nc1 Kd8 18. Nf1 Ne7 19. Ne3 Bb1 20. a3 Bg6
21. Re2 b6 22. Rhe1 Nc6 23. Nf1 Re8 24. Rxe8+ Bxe8 25. Ne3 Bg6 26. h4 gxh4 27.
Rh1 Ne7 28. Rxh4 Bb1 29. Ne2 Nf5 30. Rh8+ Ke7 31. Rc8 Nxe3 32. Kxe3 Kd7 33. Rg8
Re6+ 34. Kd2 g5 35. f4 Re8 36. Rxe8 Kxe8 37. fxg5 fxg5 38. Ng3 Kf7 39. Nf1 Be4
40. Ne3 Ke6 41. Ke2 c5 42. Kf2 cxd4 43. cxd4 Kd6 44. Kg3 Kc6 45. Kg4 Kb5 46. b3
a5 47. Kxg5 a4 48. b4 Bxg2 49. Kf5 Be4+ 50. Ke6 Kc6 51. Ke5 Bf3 52. Nf5 Kb5 53.
Ne3 Kc6 54. Kf5 Be4+ 55. Kf4 Kd6 1/2-1/2

[Event "VI ABIERTO INTERNACIONAL DE AJEDREZ CARLOS I"]
[Site "Sanxenxo (Pontevedra) Spain"]
[Date "2014.06.26"]
[Round "6"]
[Board "9"]
[White "Guerra Bastida, Diego"]
[Black "Grinblat, Artemiy"]
[Result "1-0"]
[WhiteElo "2378"]
[BlackElo "2036"]
[PlyCount "53"]
[EventDate "2014.06.21"]
[EventRounds "9"]
[EventCountry "ESP"]

1. e4 e6 2. d4 d5 3. Nc3 Nf6 4. e5 Nfd7 5. f4 c5 6. Nf3 Nc6 7. Be3 a6 8. Qd2 b5
9. dxc5 Bxc5 10. Bd3 Qb6 11. Bxc5 Nxc5 12. Qf2 b4 13. Ne2 a5 14. O-O Ba6 15.
Rfc1 Na4 16. Qxb6 Nxb6 17. a3 Kd7 18. Ned4 Nxd4 19. Nxd4 Bxd3 20. cxd3 Rhc8 21.
Rxc8 Rxc8 22. axb4 axb4 23. Ra6 Rc1+ 24. Kf2 Nc8 25. Ra4 Rd1 26. Rxb4 Rxd3 27.
Ke2 1-0

[Event "VI ABIERTO INTERNACIONAL DE AJEDREZ CARLOS I"]
[Site "Sanxenxo (Pontevedra) Spain"]
[Date "2014.06.26"]
[Round "6"]
[Board "10"]
[White "Gude Fernandez, Antonio"]
[Black "Rodriguez Lopez, Rafael"]
[Result "0-1"]
[WhiteElo "2054"]
[BlackElo "2259"]
[PlyCount "90"]
[EventDate "2014.06.21"]
[EventRounds "9"]
[EventCountry "ESP"]

1. e4 c5 2. Nf3 d6 3. d3 g6 4. Nbd2 Bg7 5. g3 Nc6 6. Bg2 e5 7. O-O Nge7 8. c3
h6 9. Nc4 Be6 10. Ne1 d5 11. exd5 Nxd5 12. Nf3 O-O 13. Re1 Qc7 14. Qe2 Rfe8 15.
a4 Rad8 16. h3 Bf5 17. Nh4 Nxc3 18. bxc3 Bxd3 19. Qa2 g5 20. Nf3 e4 21. Nh2
Bxc3 22. Be3 Nb4 23. Qb3 Bxe1 24. Rxe1 Nc2 25. Rc1 Nd4 26. Bxd4 cxd4 27. Bf1
Bxf1 28. Rxf1 e3 29. Ng4 Re6 30. Ngxe3 dxe3 31. Nxe3 Qb6 32. Qc3 Qd4 33. Qc7
Qd7 34. Qc2 Rc8 35. Qb2 Rb6 36. Qe5 Qe6 37. Qd4 Rd6 38. Qxa7 b6 39. g4 Rd3 40.
Re1 Rd2 41. Qb7 Qc6 42. Qa6 Ra8 43. Qf1 Qf3 44. Nf5 Rad8 45. Ne3 Ra2 0-1

[Event "VI ABIERTO INTERNACIONAL DE AJEDREZ CARLOS I"]
[Site "Sanxenxo (Pontevedra) Spain"]
[Date "2014.06.27"]
[Round "7"]
[Board "1"]
[White "Suarez Gomez, Julio"]
[Black "Rivera, Daniel"]
[Result "0-1"]
[WhiteElo "2307"]
[BlackElo "2347"]
[PlyCount "116"]
[EventDate "2014.06.21"]
[EventRounds "9"]
[EventCountry "ESP"]

1. e4 c5 2. Nf3 d6 3. d4 cxd4 4. Nxd4 Nf6 5. Nc3 a6 6. g3 e6 7. Bg2 Be7 8. O-O
O-O 9. a4 Bd7 10. g4 h6 11. h3 Nc6 12. Nxc6 Bxc6 13. Bf4 Qc7 14. Qe2 e5 15. Be3
b5 16. Rfc1 Qb7 17. Qd3 bxa4 18. Nd5 Nxd5 19. exd5 Bd7 20. c4 Bg5 21. c5 Bb5
22. Qa3 dxc5 23. Bxg5 hxg5 24. Rxc5 Rac8 25. Rac1 Rxc5 26. Rxc5 Qe7 27. Qc3 Re8
28. Be4 g6 29. Kg2 Qf6 30. Qc2 Rd8 31. Rc3 Qd6 32. Rf3 Rd7 33. Qc1 Qb4 34. Qc2
Qc4 35. Rc3 Qf1+ 36. Kh2 Rd6 37. Bg2 Qe1 38. Re3 Qb4 39. Kg1 Qd4 40. Qc8+ Kg7
41. Qc7 Rd7 42. Qxe5+ Qxe5 43. Rxe5 Rc7 44. Re4 Rc1+ 45. Kh2 Rc2 46. Rb4 Rxf2
47. Kg3 Rd2 48. Be4 Kf6 49. d6 Ke5 50. Bb7 f5 51. Kf3 Rxd6 52. h4 gxh4 53. gxf5
gxf5 54. Rxh4 Rd3+ 55. Kf2 Rd2+ 56. Ke3 Re2+ 57. Kf3 Rxb2 58. Bc8 a3 0-1

[Event "VI ABIERTO INTERNACIONAL DE AJEDREZ CARLOS I"]
[Site "Sanxenxo (Pontevedra) Spain"]
[Date "2014.06.27"]
[Round "7"]
[Board "2"]
[White "Cruz Alvarez De Ron, Dan"]
[Black "Strikovic, Aleksa"]
[Result "0-1"]
[WhiteElo "2205"]
[BlackElo "2532"]
[PlyCount "82"]
[EventDate "2014.06.21"]
[EventRounds "9"]
[EventCountry "ESP"]

1. Nf3 g6 2. e4 Bg7 3. d4 d6 4. Bc4 Nf6 5. Qe2 c6 6. Bb3 O-O 7. O-O a5 8. c4 e5
9. dxe5 dxe5 10. Nxe5 Qd4 11. Nf3 Qxe4 12. Qxe4 Nxe4 13. Bc2 Nc5 14. Nbd2 Nba6
15. Nb3 Be6 16. Nfd2 Rfd8 17. Rb1 a4 18. Nxc5 Nxc5 19. Re1 Nd3 20. Bxd3 Rxd3
21. Ne4 Bxc4 22. b3 axb3 23. axb3 Rxb3 24. Rxb3 Bxb3 25. Nc5 Bd5 26. Nxb7 Bc3
27. Rf1 Bc4 28. Rd1 Be2 29. Rd8+ Rxd8 30. Nxd8 c5 31. Nb7 c4 32. Nd6 Be1 33.
Ne4 c3 34. f4 f5 35. Nc5 Kf7 36. Ba3 Bc4 37. Nd7 Ke6 38. Nf8+ Kd5 39. Nxh7 Bd2
40. Nf8 Be3+ 41. Kh1 Bc5 0-1

[Event "VI ABIERTO INTERNACIONAL DE AJEDREZ CARLOS I"]
[Site "Sanxenxo (Pontevedra) Spain"]
[Date "2014.06.27"]
[Round "7"]
[Board "3"]
[White "Garcia Castro, Pablo"]
[Black "Gonzalez Diaz, Julio"]
[Result "1-0"]
[WhiteElo "2357"]
[BlackElo "2292"]
[PlyCount "97"]
[EventDate "2014.06.21"]
[EventRounds "9"]
[EventCountry "ESP"]

1. e4 g6 2. Nc3 Bg7 3. d4 c5 4. d5 d6 5. Nf3 Nf6 6. Bb5+ Bd7 7. a4 O-O 8. O-O
Bg4 9. h3 Bxf3 10. Qxf3 a6 11. Be2 Nbd7 12. a5 Rb8 13. Qg3 Ne8 14. Qh4 Nc7 15.
Bh6 Bf6 16. Bg5 e5 17. Bxf6 Qxf6 18. Qxf6 Nxf6 19. Ra4 b5 20. axb6 Rxb6 21. b3
Nb5 22. Bxb5 axb5 23. Ra5 Rfb8 24. f3 Ne8 25. g4 Kg7 26. Rfa1 Nc7 27. Nd1 Kf6
28. Ne3 R6b7 29. Kf2 h6 30. h4 Ke7 31. h5 Rh8 32. Ng2 Rbb8 33. Ra7 Kd7 34. f4
gxh5 35. fxe5 dxe5 36. Ne3 Ra8 37. Nf5 Rxa7 38. Rxa7 Ra8 39. Rxa8 Nxa8 40. gxh5
Nb6 41. Nxh6 Ke7 42. Nf5+ Kf6 43. Nd6 Nd7 44. Ke3 Kg5 45. Nxf7+ Kxh5 46. Nd6 b4
47. Kd3 Kg5 48. Kc4 Kf6 49. Nb7 1-0

[Event "VI ABIERTO INTERNACIONAL DE AJEDREZ CARLOS I"]
[Site "Sanxenxo (Pontevedra) Spain"]
[Date "2014.06.27"]
[Round "7"]
[Board "4"]
[White "Rodriguez Lopez, Rafael"]
[Black "Medarde Santiago, Luis Marcos"]
[Result "0-1"]
[WhiteElo "2259"]
[BlackElo "2160"]
[PlyCount "37"]
[EventDate "2014.06.21"]
[EventRounds "9"]
[EventCountry "ESP"]

1. e4 c5 2. Nf3 d6 3. Bb5+ Bd7 4. Bxd7+ Qxd7 5. O-O Nf6 6. Qe2 Nc6 7. Rd1 g6 8.
c3 Bg7 9. d4 cxd4 10. cxd4 d5 11. e5 Ne4 12. Ne1 h6 13. f3 Ng5 14. Nc3 Ne6 15.
Be3 O-O 16. f4 f5 17. Nf3 Rf7 18. Qb5 Nc7 19. Qxb7 0-1

[Event "VI ABIERTO INTERNACIONAL DE AJEDREZ CARLOS I"]
[Site "Sanxenxo (Pontevedra) Spain"]
[Date "2014.06.27"]
[Round "7"]
[Board "5"]
[White "Villar Nieves, Antonio"]
[Black "Gomez Ledo, Roberto Carlos"]
[Result "0-1"]
[WhiteElo "2228"]
[BlackElo "2429"]
[PlyCount "88"]
[EventDate "2014.06.21"]
[EventRounds "9"]
[EventCountry "ESP"]

1. d4 d5 2. Nf3 Nf6 3. Bf4 c5 4. c3 Qb6 5. Qb3 c4 6. Qc2 Nc6 7. Nbd2 g6 8. e4
e6 9. Be2 Bg7 10. e5 Nd7 11. b3 cxb3 12. axb3 O-O 13. O-O f6 14. exf6 Nxf6 15.
Bg5 Bd7 16. Rfe1 Rac8 17. Qa2 a6 18. Bd3 Nh5 19. Re3 Rce8 20. b4 Qc7 21. Nb3
Nf4 22. Nc5 Nxd3 23. Nxd3 Ne7 24. Nc5 Nf5 25. Re2 Bc8 26. Rae1 Qc6 27. Qa4 Qd6
28. Bd2 b6 29. Nd3 Bd7 30. Qc2 Bb5 31. Nfe5 Qc7 32. Bf4 Qc8 33. Rd2 Re7 34. Bg5
Rc7 35. Nf4 Rxc3 36. Qb2 Nxd4 37. Rxd4 Bxe5 38. Nxe6 Qxe6 39. Rdd1 Rd3 40. Qc2
Rxd1 41. Qxd1 Qf7 42. Kh1 Qxf2 43. Qxd5+ Qf7 44. Qd1 Qf1+ 0-1

[Event "VI ABIERTO INTERNACIONAL DE AJEDREZ CARLOS I"]
[Site "Sanxenxo (Pontevedra) Spain"]
[Date "2014.06.27"]
[Round "7"]
[Board "6"]
[White "Iagar, Razvan-Gabriel"]
[Black "Guerra Bastida, Diego"]
[Result "1/2-1/2"]
[WhiteElo "2168"]
[BlackElo "2378"]
[PlyCount "89"]
[EventDate "2014.06.21"]
[EventRounds "9"]
[EventCountry "ESP"]

1. d4 Nf6 2. c4 c5 3. d5 d6 4. Nc3 g6 5. e4 Bg7 6. h3 e6 7. Nf3 exd5 8. cxd5
Nbd7 9. Bd3 Nh5 10. O-O Ne5 11. Be2 Nxf3+ 12. Bxf3 Qh4 13. Bg4 O-O 14. Bxc8
Raxc8 15. Qg4 Qe7 16. Bg5 Qe5 17. Rfe1 f5 18. exf5 Qxf5 19. Qxf5 Rxf5 20. Be7
Bd4 21. Ne4 Rxd5 22. Bxd6 Nf6 23. Bf4 Nxe4 24. Rxe4 Bxb2 25. Rb1 Bf6 26. Rxb7
c4 27. Re2 c3 28. Rc2 Rd1+ 29. Kh2 Rcd8 30. Be3 R1d2 31. Rc1 Rxa2 32. Rxa7 Rxa7
33. Bxa7 Ra8 34. Be3 Ra2 35. Kg3 Kf7 36. Kf3 Ke6 37. Ke4 h5 38. g3 Ra4+ 39. Kd3
Kd5 40. Rb1 Ra8 41. Rb5+ Ke6 42. Rb6+ Kf7 43. Rb7+ Kg8 44. Rb6 Rd8+ 45. Kc2
 1/2-1/2

[Event "VI ABIERTO INTERNACIONAL DE AJEDREZ CARLOS I"]
[Site "Sanxenxo (Pontevedra) Spain"]
[Date "2014.06.27"]
[Round "7"]
[Board "7"]
[White "Fernandez Losada, Daniel"]
[Black "Sanchez Aller, Fernando"]
[Result "1/2-1/2"]
[WhiteElo "2200"]
[BlackElo "2355"]
[PlyCount "126"]
[EventDate "2014.06.21"]
[EventRounds "9"]
[EventCountry "ESP"]

1. e4 e5 2. Nf3 Nc6 3. Bb5 a6 4. Bxc6 dxc6 5. O-O Ne7 6. b3 Ng6 7. Bb2 Bg4 8.
d3 Qf6 9. Nbd2 c5 10. Qe1 Bd6 11. Qe3 Nf4 12. Kh1 Qe7 13. Nc4 f6 14. Nh4 Qd7
15. f3 Be6 16. g3 Ng6 17. Nf5 Bf8 18. a4 b6 19. f4 exf4 20. gxf4 O-O-O 21. Ng3
Ne7 22. f5 Bxc4 23. bxc4 Nc6 24. a5 Nxa5 25. Bc3 Nc6 26. Rxa6 Kb7 27. Raa1 Bd6
28. Ne2 Ra8 29. Rg1 Rxa1 30. Bxa1 Ra8 31. Bc3 Ra2 32. Qd2 Ne5 33. Nc1 Ra8 34.
Qf2 Qe7 35. Ne2 g5 36. fxg6 hxg6 37. Nf4 Rh8 38. Rxg6 Qh7 39. Rg2 Qh4 40. Bxe5
Bxe5 41. Qxh4 Rxh4 42. Ng6 Rh7 43. Nxe5 fxe5 44. Rg5 Re7 45. Kg2 Ka6 46. h4 Ka5
47. Kg3 Kb4 48. h5 Kc3 49. Kg4 Kxc2 50. h6 Kxd3 51. Rg7 Re8 52. h7 Rh8 53. Kf5
Kxc4 54. Kxe5 b5 55. Kf6 b4 56. Rxc7 b3 57. Rb7 b2 58. Kg7 Rxh7+ 59. Kxh7 Kd4
60. Rxb2 Kxe4 61. Rc2 Kd4 62. Kg6 c4 63. Kf5 c3 1/2-1/2

[Event "VI ABIERTO INTERNACIONAL DE AJEDREZ CARLOS I"]
[Site "Sanxenxo (Pontevedra) Spain"]
[Date "2014.06.27"]
[Round "7"]
[Board "8"]
[White "Espineira Gonzalez, Diego"]
[Black "Yebra-Pimentel Brea, Carlos"]
[Result "1/2-1/2"]
[WhiteElo "2388"]
[BlackElo "1795"]
[PlyCount "75"]
[EventDate "2014.06.21"]
[EventRounds "9"]
[EventCountry "ESP"]

1. e4 c5 2. Nf3 Nc6 3. d4 cxd4 4. Nxd4 g6 5. Nc3 Bg7 6. Nb3 Nf6 7. Be2 O-O 8.
O-O d6 9. Be3 Bd7 10. f3 Rc8 11. Rf2 Be6 12. Bf1 a6 13. Rd2 Qc7 14. Nd4 Nxd4
15. Bxd4 Nd7 16. Kh1 Nb6 17. Bxg7 Kxg7 18. Qe1 Qc5 19. Qf2 Bc4 20. Qd4+ Qxd4
21. Rxd4 Bxf1 22. Rxf1 Nc4 23. Nd1 Rc7 24. h4 b5 25. c3 f5 26. Re1 f4 27. Kh2
Rc5 28. b3 Nb6 29. g3 Nd7 30. gxf4 Rxf4 31. Kg3 Rf7 32. f4 Nf6 33. e5 Nh5+ 34.
Kg4 dxe5 35. fxe5 Rf5 36. Rde4 e6 37. a4 Kf7 38. axb5 1/2-1/2

[Event "VI ABIERTO INTERNACIONAL DE AJEDREZ CARLOS I"]
[Site "Sanxenxo (Pontevedra) Spain"]
[Date "2014.06.27"]
[Round "7"]
[Board "9"]
[White "Gonzalez Gonzalez, Alfonso"]
[Black "Larino Nieto, David"]
[Result "0-1"]
[WhiteElo "2054"]
[BlackElo "2459"]
[PlyCount "50"]
[EventDate "2014.06.21"]
[EventRounds "9"]
[EventCountry "ESP"]

1. d4 e6 2. c4 d5 3. Nc3 c5 4. cxd5 exd5 5. Nf3 Nc6 6. g3 Nf6 7. Bg2 Be7 8. O-O
O-O 9. b3 Bf5 10. Bb2 Qd7 11. Ne5 Qe6 12. Nxc6 bxc6 13. dxc5 Bxc5 14. Rc1 Be7
15. Qd4 c5 16. Qf4 Rfd8 17. Na4 Rac8 18. Ba3 Ne4 19. Bxe4 dxe4 20. Bxc5 Bh3 21.
Rfe1 Qd5 22. b4 e3 23. Qf3 Qxa2 24. fxe3 Qxa4 25. Bxe7 Rxc1 0-1

[Event "VI ABIERTO INTERNACIONAL DE AJEDREZ CARLOS I"]
[Site "Sanxenxo (Pontevedra) Spain"]
[Date "2014.06.27"]
[Round "7"]
[Board "10"]
[White "Hoffman, Alejandro"]
[Black "Prado Acebo, Ines"]
[Result "1-0"]
[WhiteElo "2450"]
[BlackElo "1983"]
[PlyCount "61"]
[EventDate "2014.06.21"]
[EventRounds "9"]
[EventCountry "ESP"]

1. d4 e6 2. c4 d5 3. Nf3 Nf6 4. e3 Be7 5. b3 b6 6. Bb2 Bb7 7. Bd3 O-O 8. O-O
Nbd7 9. Nc3 dxc4 10. bxc4 c5 11. Qe2 Kh8 12. Rad1 Re8 13. Ng5 Rf8 14. f4 h6 15.
Nf3 a6 16. d5 exd5 17. cxd5 Bd6 18. Nh4 Re8 19. Nf5 Bf8 20. e4 b5 21. e5 c4 22.
Bb1 b4 23. Ne4 Nxd5 24. Qxc4 Rc8 25. Qb3 Qb6+ 26. Kh1 Nc5 27. Nxc5 Qxc5 28.
Nxh6 Qc4 29. Qh3 g6 30. Nxf7+ Kg7 31. e6+ 1-0

[Event "VI ABIERTO INTERNACIONAL DE AJEDREZ CARLOS I"]
[Site "Sanxenxo (Pontevedra) Spain"]
[Date "2014.06.28"]
[Round "8"]
[Board "1"]
[White "Strikovic, Aleksa"]
[Black "Rivera, Daniel"]
[Result "1-0"]
[WhiteElo "2532"]
[BlackElo "2347"]
[PlyCount "61"]
[EventDate "2014.06.21"]
[EventRounds "9"]
[EventCountry "ESP"]

1. c4 e5 2. g3 Nc6 3. Bg2 Bc5 4. Nc3 d6 5. e3 a6 6. Nge2 Ba7 7. Rb1 h5 8. h3 h4
9. g4 f5 10. gxf5 Bxf5 11. d3 Qd7 12. b4 Nge7 13. a3 O-O 14. Ng1 Bg6 15. Rb2
Qf5 16. Be4 Qf6 17. Qg4 Bf5 18. Bxf5 Qxf5 19. Ne4 Ng6 20. Ke2 Rad8 21. Nf3 d5
22. cxd5 Rxd5 23. Qxf5 Rxf5 24. Rc2 a5 25. Rg1 Nge7 26. Nxh4 Rf8 27. Bd2 axb4
28. axb4 Bb6 29. Nf3 Rf5 30. Rc4 Rd8 31. Ng3 1-0